| 000 | 00569nam a22001697a 4500 | ||
|---|---|---|---|
| 005 | 20251108174609.0 | ||
| 008 | 250721s2008 xx 000 0 ara d | ||
| 082 | 1 | 4 | _a613.2/قمح |
| 100 | 1 |
_aقمحية، وليد أمين _eمؤلف |
|
| 245 | 1 | 0 | _aحياتك نحو التغيير : اقرئيه و اجعليه دليلك في بيتك من أجل صحة أفضل / |
| 264 | 1 |
_aعمان : _bالمعتز للنشر و التوزيع، _c2008. |
|
| 300 | _a339 ص. | ||
| 650 | 1 | 7 | _aالأغذية |
| 650 | 1 | 7 | _aالصحه |
| 942 |
_2ddc _cBK |
||
| 999 |
_c113178 _d113178 |
||